[Event "OP-2021-0-05150"]
[Site "LSS email"]
[Date "2021.06.11"]
[Round "?"]
[White "Weiser, Robert"]
[Black "Van Hooff, Ruud"]
[Result "1/2-1/2"]
[WhiteElo "1491"]
[BlackElo "2124"]
[PlyCount "56"]
[EventDate "2021.06.07"]
[EventType "tourn (corr)"]
[EventRounds "4"]
[EventCountry "GER"]
[SourceTitle "Corr 2024"]
[Source "ChessBase"]
[SourceDate "2023.10.19"]
[SourceVersion "1"]
[SourceVersionDate "2023.10.19"]
[SourceQuality "1"]

1. d4 d5 2. Bf4 c5 3. e3 cxd4 4. exd4 Nc6 5. c3 f6 6. Nf3 g5 7. Be3 Bf5 8. c4 e6 9. Nc3 Nge7 10. Rc1 Bg7 11. Be2 0-0 12. 0-0 Bg6 13. Re1 Re8 14. h3 Rc8 15. cxd5 exd5 16. Bd3 Qd7 17. a3 Bxd3 18. Qxd3 Nf5 19. Re2 h5 20. Nd2 g4 21. hxg4 hxg4 22. Nf1 Kf7 23. Ree1 Rh8 24. Ne2 Bh6 25. Bxh6 Rxh6 26. Nfg3 Rch8 27. Qb5 Rh2 28. Qc5 Nxg3 1/2-1/2

[Event "RA-2020-0-00667"]
[Site "LSS email"]
[Date "2020.08.01"]
[Round "?"]
[White "Van Hooff, Ruud"]
[Black "Rodriguez, Raul"]
[Result "0-1"]
[WhiteElo "2186"]
[BlackElo "2060"]
[PlyCount "46"]
[EventDate "2020.06.24"]
[EventType "tourn (corr)"]
[EventRounds "6"]
[EventCountry "GER"]
[SourceTitle "Corr 2022"]
[Source "ChessBase"]
[SourceDate "2021.10.24"]
[SourceVersion "1"]
[SourceVersionDate "2021.10.24"]
[SourceQuality "1"]

1. d4 Nf6 2. c4 g6 3. Nf3 Bg7 4. g3 0-0 5. Bg2 d6 6. 0-0 Nc6 7. Nc3 Bf5 8. d5 Na5 9. Nd2 c5 10. e4 Bd7 11. Qc2 e5 12. b3 a6 13. Bb2 b5 14. Rae1 Rb8 15. Nd1 Nh5 16. Ne3 bxc4 17. Ndxc4 Nxc4 18. Nxc4 Bb5 19. Bh3 Bxc4 20. bxc4 Rb7 21. Bc3 Qe7 22. Rb1 Rfb8 23. Rb3 Nf6 0-1

[Event "RA-2020-0-00667"]
[Site "LSS email"]
[Date "2020.07.31"]
[Round "?"]
[White "Van Hooff, Ruud"]
[Black "Billio, Maria"]
[Result "0-1"]
[WhiteElo "2186"]
[BlackElo "2164"]
[PlyCount "40"]
[EventDate "2020.06.24"]
[EventType "tourn (corr)"]
[EventRounds "6"]
[EventCountry "GER"]
[SourceTitle "Corr 2022"]
[Source "ChessBase"]
[SourceDate "2021.10.24"]
[SourceVersion "1"]
[SourceVersionDate "2021.10.24"]
[SourceQuality "1"]

1. d4 d5 2. c4 c6 3. Nf3 a6 4. g3 Nf6 5. Bg2 h6 6. 0-0 e6 7. b3 Be7 8. Bb2 0-0 9. Nbd2 Nbd7 10. Qc2 b6 11. e4 dxe4 12. Nxe4 Nxe4 13. Qxe4 Bb7 14. Rad1 Qc7 15. Rfe1 Rad8 16. c5 a5 17. h4 Rfe8 18. Qc2 Bf8 19. Nd2 bxc5 20. dxc5 Bxc5 0-1

[Event "CP-2020-S-00003"]
[Site "LSS email"]
[Date "2020.02.03"]
[Round "?"]
[White "Van Hooff, Ruud"]
[Black "Boni, Roberto"]
[Result "1/2-1/2"]
[WhiteElo "2302"]
[BlackElo "2162"]
[PlyCount "29"]
[EventDate "2020.02.03"]
[EventType "tourn (corr)"]
[EventRounds "7"]
[EventCountry "GER"]
[SourceTitle "Corr 2022"]
[Source "ChessBase"]
[SourceDate "2021.10.24"]
[SourceVersion "1"]
[SourceVersionDate "2021.10.24"]
[SourceQuality "1"]

1. d4 e5 2. dxe5 Nc6 3. Nf3 f6 4. e4 fxe5 5. Bc4 Nf6 6. 0-0 h6 7. Nc3 d6 8. Nd5 Bg4 9. c3 Nxd5 10. exd5 Ne7 11. Re1 a6 12. h3 Bh5 13. Be2 Bf7 14. c4 g6 15. Bd3 1/2-1/2

[Event "RM-2020-0-00192"]
[Site "LSS email"]
[Date "2020.01.12"]
[Round "?"]
[White "Corti, Horacio"]
[Black "Van Hooff, Ruud"]
[Result "1/2-1/2"]
[WhiteElo "2269"]
[BlackElo "2256"]
[PlyCount "36"]
[EventDate "2019.10.14"]
[EventType "tourn (corr)"]
[EventRounds "6"]
[EventCountry "GER"]
[SourceTitle "Corr 2022"]
[Source "ChessBase"]
[SourceDate "2021.10.24"]
[SourceVersion "1"]
[SourceVersionDate "2021.10.24"]
[SourceQuality "1"]

1. e4 e5 2. Nf3 Nf6 3. Nxe5 d6 4. Nf3 Nxe4 5. d4 d5 6. Bd3 Bd6 7. 0-0 0-0 8. c4 c6 9. Nc3 Nxc3 10. bxc3 dxc4 11. Bxc4 Bf5 12. Bg5 Qa5 13. Nh4 Be6 14. Bxe6 Qxg5 15. Nf3 Qa5 16. Qb3 Qc7 17. Bh3 Nd7 18. g3 Nf6 1/2-1/2

[Event "CP-2019-Q-00009"]
[Site "LSS email"]
[Date "2019.11.27"]
[Round "?"]
[White "Van Hooff, Ruud"]
[Black "Gomez Galan Arense, Joaquin"]
[Result "1-0"]
[WhiteElo "2254"]
[BlackElo "1905"]
[PlyCount "37"]
[EventDate "2019.12.01"]
[EventType "tourn (corr)"]
[EventRounds "6"]
[EventCountry "GER"]
[SourceTitle "Corr 2022"]
[Source "ChessBase"]
[SourceDate "2021.10.24"]
[SourceVersion "1"]
[SourceVersionDate "2021.10.24"]
[SourceQuality "1"]

1. d4 d5 2. c4 c6 3. Nf3 Nf6 4. e3 Bf5 5. Nc3 e6 6. Nh4 Bg6 7. Be2 Nbd7 8. 0-0 Bd6 9. g3 0-0 10. Nxg6 hxg6 11. b3 Qe7 12. Rb1 Bb4 13. Bb2 Rfe8 14. Bf3 a5 15. Ne2 Bd6 16. Qc2 b5 17. Bg2 b4 18. Nf4 Bxf4 19. exf4 1-0

[Event "CP-2019-Q-00009"]
[Site "LSS email"]
[Date "2019.11.27"]
[Round "?"]
[White "Van Hooff, Ruud"]
[Black "Grammatica, Andrea"]
[Result "1/2-1/2"]
[WhiteElo "2254"]
[BlackElo "2269"]
[PlyCount "39"]
[EventDate "2019.12.01"]
[EventType "tourn (corr)"]
[EventRounds "6"]
[EventCountry "GER"]
[SourceTitle "Corr 2022"]
[Source "ChessBase"]
[SourceDate "2021.10.24"]
[SourceVersion "1"]
[SourceVersionDate "2021.10.24"]
[SourceQuality "1"]

1. d4 Nf6 2. c4 g6 3. Nc3 d5 4. cxd5 Nxd5 5. e4 Nxc3 6. bxc3 Bg7 7. Be3 c5 8. Rc1 Qa5 9. Qd2 cxd4 10. cxd4 Qxd2+ 11. Kxd2 0-0 12. Bc4 Nc6 13. Ne2 Rd8 14. Rhd1 Bxd4 15. Nxd4 Nxd4 16. Ke1 Nc6 17. Rxd8+ Nxd8 18. Bd5 e6 19. Bb3 Nc6 20. Rd1 1/2-1/2

[Event "CP-2019-Q-00009"]
[Site "LSS email"]
[Date "2019.11.27"]
[Round "?"]
[White "Van Hooff, Ruud"]
[Black "Roques, Pascal"]
[Result "1/2-1/2"]
[WhiteElo "2254"]
[BlackElo "2366"]
[PlyCount "43"]
[EventDate "2019.12.01"]
[EventType "tourn (corr)"]
[EventRounds "6"]
[EventCountry "GER"]
[SourceTitle "Corr 2022"]
[Source "ChessBase"]
[SourceDate "2021.10.24"]
[SourceVersion "1"]
[SourceVersionDate "2021.10.24"]
[SourceQuality "1"]

1. d4 Nf6 2. c4 g6 3. Nc3 d5 4. cxd5 Nxd5 5. e4 Nxc3 6. bxc3 Bg7 7. Be3 c5 8. Rc1 Qa5 9. Qd2 0-0 10. Nf3 Rd8 11. d5 e6 12. Bg5 f6 13. Be3 Nc6 14. h4 exd5 15. exd5 Bg4 16. Be2 c4 17. Bxc4 Bxf3 18. gxf3 Ne5 19. Be2 Rac8 20. h5 Qxd5 21. Qxd5+ Rxd5 22. Rd1 1/2-1/2

[Event "CP-2019-Q-00009"]
[Site "LSS email"]
[Date "2019.11.27"]
[Round "?"]
[White "Vasek, Vladimir"]
[Black "Van Hooff, Ruud"]
[Result "1/2-1/2"]
[WhiteElo "1886"]
[BlackElo "2254"]
[PlyCount "32"]
[EventDate "2019.12.01"]
[EventType "tourn (corr)"]
[EventRounds "6"]
[EventCountry "GER"]
[SourceTitle "Corr 2022"]
[Source "ChessBase"]
[SourceDate "2021.10.24"]
[SourceVersion "1"]
[SourceVersionDate "2021.10.24"]
[SourceQuality "1"]

1. e4 e5 2. Nf3 Nf6 3. Nxe5 d6 4. Nf3 Nxe4 5. d4 d5 6. Bd3 Bd6 7. 0-0 0-0 8. c4 c6 9. Nc3 Nxc3 10. bxc3 dxc4 11. Bxc4 Bf5 12. Bg5 Qa5 13. Qd2 Nd7 14. Rae1 Rae8 15. Bb3 Bg4 16. Bf4 Bxf4 1/2-1/2

[Event "WC-2019-S-00004"]
[Site "LSS email"]
[Date "2019.08.28"]
[Round "?"]
[White "Schroeder, Christoph"]
[Black "Van Hooff, Ruud"]
[Result "1/2-1/2"]
[WhiteElo "2322"]
[BlackElo "2258"]
[PlyCount "107"]
[EventDate "2019.09.01"]
[EventType "tourn (corr)"]
[EventRounds "12"]
[EventCountry "GER"]
[SourceTitle "Corr 2024"]
[Source "ChessBase"]
[SourceDate "2023.10.19"]
[SourceVersion "1"]
[SourceVersionDate "2023.10.19"]
[SourceQuality "1"]

1. e4 e5 2. Nf3 Nf6 3. Nxe5 d6 4. Nf3 Nxe4 5. Nc3 Nxc3 6. dxc3 Be7 7. Be3 0-0 8. Qd2 Nd7 9. 0-0-0 Ne5 10. h4 c6 11. Kb1 Qa5 12. a3 Be6 13. Ng5 Bf5 14. Be2 f6 15. Nf3 b5 16. g4 Be4 17. Nd4 Nc4 18. Qe1 Rae8 19. Bc1 Bd8 20. f3 Bd5 21. Qg3 Bb6 22. Bxc4 bxc4 23. Nf5 Bc5 24. Rhe1 Qc7 25. h5 h6 26. Ka2 Be6 27. Qf4 Qf7 28. Nxd6 Bxd6 29. Qxd6 Bd5 30. Qg3 Rxe1 31. Rxe1 Re8 32. Be3 a5 33. f4 Be4 34. Re2 Bd5 35. a4 Re7 36. Rh2 Qe8 37. Bc5 Re2 38. g5 fxg5 39. fxg5 Rxh2 40. Qxh2 hxg5 41. h6 Kh7 42. hxg7+ Kxg7 43. Bd4+ Kg6 44. Bb6 Qd7 45. Qd2 Be6 46. Qxd7 Bxd7 47. Bxa5 Kf5 48. Ka3 Ke5 49. Kb4 Kd5 50. Bd8 c5+ 51. Ka5 g4 52. Bh4 Kc6 53. b4 cxb3 54. cxb3 1/2-1/2

[Event "WC-2019-S-00004"]
[Site "LSS email"]
[Date "2019.08.28"]
[Round "?"]
[White "Van Hooff, Ruud"]
[Black "Grammatica, Andrea"]
[Result "1/2-1/2"]
[WhiteElo "2258"]
[BlackElo "2270"]
[PlyCount "42"]
[EventDate "2019.09.01"]
[EventType "tourn (corr)"]
[EventRounds "12"]
[EventCountry "GER"]
[SourceTitle "Corr 2024"]
[Source "ChessBase"]
[SourceDate "2023.10.19"]
[SourceVersion "1"]
[SourceVersionDate "2023.10.19"]
[SourceQuality "1"]

1. d4 Nf6 2. Nf3 g6 3. Bg5 Bg7 4. Nbd2 0-0 5. c3 d6 6. e4 c5 7. dxc5 dxc5 8. Bc4 Nc6 9. Qe2 Qc7 10. 0-0 Na5 11. Bd3 Be6 12. e5 Nd5 13. Be4 f5 14. Bxd5 Bxd5 15. Bf4 h6 16. c4 Be6 17. h4 Rad8 18. Rfd1 Kh7 19. Rac1 b6 20. b3 Qc6 21. a3 Bg8 1/2-1/2

[Event "WC-2019-S-00004"]
[Site "LSS email"]
[Date "2019.08.28"]
[Round "?"]
[White "Van Hooff, Ruud"]
[Black "Ralls, Nelson"]
[Result "1-0"]
[WhiteElo "2258"]
[BlackElo "2330"]
[PlyCount "69"]
[EventDate "2019.09.01"]
[EventType "tourn (corr)"]
[EventRounds "12"]
[EventCountry "GER"]
[SourceTitle "Corr 2024"]
[Source "ChessBase"]
[SourceDate "2023.10.19"]
[SourceVersion "1"]
[SourceVersionDate "2023.10.19"]
[SourceQuality "1"]

1. d4 Nf6 2. Nf3 e6 3. Bf4 d5 4. e3 c5 5. c3 Nc6 6. Nbd2 Bd6 7. Bg3 0-0 8. Bd3 b6 9. e4 Be7 10. e5 Nh5 11. Ng5 Bxg5 12. Qxh5 g6 13. Qe2 cxd4 14. h4 Bh6 15. h5 dxc3 16. bxc3 Bg7 17. Kf1 Qe7 18. Re1 Bd7 19. Kg1 Rac8 20. Nb3 f5 21. Qd2 Rf7 22. Bf4 Qa3 23. Rh3 g5 24. Bxg5 Nxe5 25. Rg3 Ng4 26. Be2 Qd6 27. Bxg4 fxg4 28. h6 Bh8 29. Rxg4 Kf8 30. Rg3 e5 31. Qd1 Bf5 32. Bc1 Bf6 33. Qh5 Be7 34. f4 e4 35. Rg7 1-0

[Event "RA-2019-0-00633"]
[Site "LSS email"]
[Date "2019.08.24"]
[Round "?"]
[White "Robertson, Gavin"]
[Black "Van Hooff, Ruud"]
[Result "1/2-1/2"]
[WhiteElo "2352"]
[BlackElo "2266"]
[PlyCount "36"]
[EventDate "2019.07.17"]
[EventType "tourn (corr)"]
[EventRounds "6"]
[EventCountry "GER"]
[SourceTitle "Corr 2022"]
[Source "ChessBase"]
[SourceDate "2021.10.24"]
[SourceVersion "1"]
[SourceVersionDate "2021.10.24"]
[SourceQuality "1"]

1. e4 e5 2. Nf3 Nc6 3. Bb5 Nf6 4. 0-0 Nxe4 5. d4 Nd6 6. Bxc6 dxc6 7. dxe5 Nf5 8. Qxd8+ Kxd8 9. Nc3 Ne7 10. h3 Ng6 11. Bg5+ Ke8 12. Rad1 Bd7 13. Rd2 Be6 14. Nd4 h6 15. Be3 Bb4 16. Nxe6 fxe6 17. Rfd1 Nxe5 18. Bd4 Nc4 1/2-1/2

[Event "SA-2019-0-00694"]
[Site "LSS email"]
[Date "2019.08.03"]
[Round "?"]
[White "Eman, Juan"]
[Black "Van Hooff, Ruud"]
[Result "1/2-1/2"]
[WhiteElo "2257"]
[BlackElo "2266"]
[PlyCount "52"]
[EventDate "2019.07.13"]
[EventType "tourn (corr)"]
[EventRounds "6"]
[EventCountry "GER"]
[SourceTitle "Corr 2022"]
[Source "ChessBase"]
[SourceDate "2021.10.24"]
[SourceVersion "1"]
[SourceVersionDate "2021.10.24"]
[SourceQuality "1"]

1. d4 d5 2. Bg5 f6 3. Bf4 Nc6 4. Nf3 Bg4 5. c3 Qd7 6. Nbd2 0-0-0 7. e3 Bxf3 8. gxf3 e5 9. Bg3 Bd6 10. Qc2 Nge7 11. dxe5 Nxe5 12. 0-0-0 Kb8 13. f4 N5c6 14. Nb3 h5 15. h4 g5 16. Bh3 Qe8 17. Kb1 gxf4 18. exf4 Qf8 19. Qd2 Qh6 20. Bg2 a6 21. Ka1 Ng6 22. Qxd5 Bxf4 23. Qc5 Bxg3 24. fxg3 Nge7 25. Bf3 Rxd1+ 26. Rxd1 Qg6 1/2-1/2

[Event "SA-2019-0-00694"]
[Site "LSS email"]
[Date "2019.08.03"]
[Round "?"]
[White "Tyutyunnik, Roman"]
[Black "Van Hooff, Ruud"]
[Result "1/2-1/2"]
[WhiteElo "2194"]
[BlackElo "2266"]
[PlyCount "24"]
[EventDate "2019.07.13"]
[EventType "tourn (corr)"]
[EventRounds "6"]
[EventCountry "GER"]
[SourceTitle "Corr 2022"]
[Source "ChessBase"]
[SourceDate "2021.10.24"]
[SourceVersion "1"]
[SourceVersionDate "2021.10.24"]
[SourceQuality "1"]

1. d4 d5 2. Nf3 Nf6 3. c4 e6 4. g3 dxc4 5. Bg2 c5 6. 0-0 Nc6 7. Qa4 Bd7 8. Qxc4 b5 9. Qc3 b4 10. Qd3 Rc8 11. dxc5 Bxc5 12. Be3 Bxe3 1/2-1/2

[Event "SA-2019-0-00694"]
[Site "LSS email"]
[Date "2019.08.03"]
[Round "?"]
[White "Van Hooff, Ruud"]
[Black "Cvak, Rudolf"]
[Result "1/2-1/2"]
[WhiteElo "2266"]
[BlackElo "2370"]
[PlyCount "23"]
[EventDate "2019.07.13"]
[EventType "tourn (corr)"]
[EventRounds "6"]
[EventCountry "GER"]
[SourceTitle "Corr 2022"]
[Source "ChessBase"]
[SourceDate "2021.10.24"]
[SourceVersion "1"]
[SourceVersionDate "2021.10.24"]
[SourceQuality "1"]

1. d4 Nf6 2. c4 e6 3. Nc3 Bb4 4. Qc2 d5 5. cxd5 Qxd5 6. Nf3 Qf5 7. Qxf5 exf5 8. a3 Be7 9. Bf4 c6 10. e3 Be6 11. Bd3 Nbd7 12. Ng5 1/2-1/2

[Event "SA-2019-0-00694"]
[Site "LSS email"]
[Date "2019.08.03"]
[Round "?"]
[White "Van Hooff, Ruud"]
[Black "Susla, Vitaliy"]
[Result "1/2-1/2"]
[WhiteElo "2266"]
[BlackElo "2318"]
[PlyCount "25"]
[EventDate "2019.07.13"]
[EventType "tourn (corr)"]
[EventRounds "6"]
[EventCountry "GER"]
[SourceTitle "Corr 2022"]
[Source "ChessBase"]
[SourceDate "2021.10.24"]
[SourceVersion "1"]
[SourceVersionDate "2021.10.24"]
[SourceQuality "1"]

1. d4 Nf6 2. c4 g6 3. Nc3 Bg7 4. e4 d6 5. Nf3 0-0 6. Be2 e5 7. Be3 Ng4 8. Bg5 f6 9. Bh4 g5 10. Bg3 Nh6 11. dxe5 dxe5 12. Qxd8 Rxd8 13. Nd2 1/2-1/2

[Event "SA-2019-0-00669"]
[Site "LSS email"]
[Date "2019.02.09"]
[Round "?"]
[White "Egorov, Vladimir Al"]
[Black "Van Hooff, Ruud"]
[Result "0-1"]
[WhiteElo "1918"]
[BlackElo "2279"]
[PlyCount "51"]
[EventDate "2019.01.18"]
[EventType "tourn (corr)"]
[EventRounds "6"]
[EventCountry "GER"]
[SourceTitle "Corr 2022"]
[Source "ChessBase"]
[SourceDate "2021.10.24"]
[SourceVersion "1"]
[SourceVersionDate "2021.10.24"]
[SourceQuality "1"]

1. d4 d5 2. Nf3 Nf6 3. c4 e6 4. cxd5 exd5 5. a3 c6 6. Bf4 Bf5 7. Nc3 Be7 8. e3 0-0 9. Be2 Nbd7 10. 0-0 Ne4 11. Bd3 Re8 12. Qc2 Ndf6 13. Ne5 g6 14. a4 a5 15. Rad1 Nd6 16. h3 Be6 17. Rfe1 Nh5 18. Bh2 Ng7 19. Be2 f6 20. Nd3 Bf7 21. Qb3 Bf8 22. Rc1 Ngf5 23. Bf3 Bh6 24. Ra1 b6 25. Nf4 Ra7 26. Rac1 0-1

[Event "SA-2019-0-00669"]
[Site "LSS email"]
[Date "2019.02.09"]
[Round "?"]
[White "Salzmann, Stefan"]
[Black "Van Hooff, Ruud"]
[Result "1/2-1/2"]
[WhiteElo "2225"]
[BlackElo "2279"]
[PlyCount "22"]
[EventDate "2019.01.18"]
[EventType "tourn (corr)"]
[EventRounds "6"]
[EventCountry "GER"]
[SourceTitle "Corr 2022"]
[Source "ChessBase"]
[SourceDate "2021.10.24"]
[SourceVersion "1"]
[SourceVersionDate "2021.10.24"]
[SourceQuality "1"]

1. f4 d5 2. Nf3 Bg4 3. e3 Nd7 4. b3 e5 5. h3 Bxf3 6. Qxf3 Ngf6 7. Bb2 exf4 8. exf4 Bd6 9. Nc3 Qe7+ 10. Be2 c6 11. 0-0-0 Ba3 1/2-1/2

[Event "SA-2019-0-00669"]
[Site "LSS email"]
[Date "2019.02.09"]
[Round "?"]
[White "Van Hooff, Ruud"]
[Black "Monteverde, Italo"]
[Result "1/2-1/2"]
[WhiteElo "2279"]
[BlackElo "2150"]
[PlyCount "35"]
[EventDate "2019.01.18"]
[EventType "tourn (corr)"]
[EventRounds "6"]
[EventCountry "GER"]
[SourceTitle "Corr 2022"]
[Source "ChessBase"]
[SourceDate "2021.10.24"]
[SourceVersion "1"]
[SourceVersionDate "2021.10.24"]
[SourceQuality "1"]

1. c4 e5 2. Nc3 d6 3. g3 Be6 4. Bg2 c6 5. d3 f5 6. f4 Nf6 7. Nf3 Na6 8. 0-0 Be7 9. Kh1 Qc7 10. Rb1 0-0 11. b4 Kh8 12. Be3 Ng4 13. Bg1 exf4 14. gxf4 Rae8 15. Qd2 Bf6 16. h3 Bxc3 17. Qxc3 Nf6 18. Nd4 1/2-1/2

[Event "SA-2019-0-00669"]
[Site "LSS email"]
[Date "2019.02.09"]
[Round "?"]
[White "Van Hooff, Ruud"]
[Black "Susla, Vitaliy"]
[Result "1/2-1/2"]
[WhiteElo "2279"]
[BlackElo "2323"]
[PlyCount "37"]
[EventDate "2019.01.18"]
[EventType "tourn (corr)"]
[EventRounds "6"]
[EventCountry "GER"]
[SourceTitle "Corr 2022"]
[Source "ChessBase"]
[SourceDate "2021.10.24"]
[SourceVersion "1"]
[SourceVersionDate "2021.10.24"]
[SourceQuality "1"]

1. c4 e5 2. Nc3 Nf6 3. Nf3 Nc6 4. e3 Bb4 5. Qc2 0-0 6. Nd5 Be7 7. a3 d6 8. Ng5 g6 9. Nxe7+ Qxe7 10. d3 a5 11. b3 Nh5 12. Nf3 f5 13. Bb2 f4 14. Be2 Bf5 15. Qd2 g5 16. 0-0-0 fxe3 17. fxe3 g4 18. Ne1 Nf6 19. Nc2 1/2-1/2

[Event "RA-2018-0-00608"]
[Site "LSS email"]
[Date "2018.12.02"]
[Round "?"]
[White "Misericordia, Antonio"]
[Black "Van Hooff, Ruud"]
[Result "1/2-1/2"]
[WhiteElo "2384"]
[BlackElo "2282"]
[PlyCount "112"]
[EventDate "2018.11.12"]
[EventType "tourn (corr)"]
[EventRounds "6"]
[EventCountry "GER"]
[SourceTitle "Corr 2022"]
[Source "ChessBase"]
[SourceDate "2021.10.24"]
[SourceVersion "1"]
[SourceVersionDate "2021.10.24"]
[SourceQuality "1"]

1. g3 d5 2. Bg2 e6 3. Nf3 c5 4. 0-0 Nc6 5. d4 Nf6 6. c4 dxc4 7. Qa4 Bd7 8. Qxc4 b5 9. Qd3 c4 10. Qc2 Be7 11. e4 0-0 12. Qe2 Qb6 13. Rd1 Rad8 14. a4 b4 15. Nbd2 c3 16. Nc4 Qa6 17. Bf1 Be8 18. a5 Nb8 19. bxc3 bxc3 20. Ba3 Bxa3 21. Rxa3 Qb7 22. Rxc3 Nxe4 23. Rcc1 Ba4 24. Re1 Bc6 25. Nfe5 Bd5 26. Ne3 Qb4 27. Nxd5 exd5 28. Qd1 Qxa5 29. Bd3 Nf6 30. Rc5 Qb6 31. Rb5 Qd6 32. Ra5 a6 33. Kg2 Nfd7 34. Qb3 Qb6 35. Qxb6 Nxb6 36. Rc1 Rd6 37. Rac5 Nc4 38. Rc7 Na5 39. Rb1 f6 40. Ng4 Rfd8 41. Ne3 Nbc6 42. Rb6 Nxd4 43. Rxd6 Rxd6 44. Rc8+ Kf7 45. Bxh7 Nac6 46. Bg8+ Kg6 47. Bxd5 Ne7 48. Be4+ f5 49. Rc7 Kf6 50. Bb1 Nd5 51. Nxd5+ Rxd5 52. Ba2 Nb5 53. Rc8 Rd2 54. Rc6+ Rd6 55. Rc5 Rd7 56. Rc6+ Rd6 1/2-1/2

[Event "RA-2018-0-00608"]
[Site "LSS email"]
[Date "2018.12.02"]
[Round "?"]
[White "Morcin, Tom"]
[Black "Van Hooff, Ruud"]
[Result "1/2-1/2"]
[WhiteElo "2215"]
[BlackElo "2282"]
[PlyCount "88"]
[EventDate "2018.11.12"]
[EventType "tourn (corr)"]
[EventRounds "6"]
[EventCountry "GER"]
[SourceTitle "Corr 2022"]
[Source "ChessBase"]
[SourceDate "2021.10.24"]
[SourceVersion "1"]
[SourceVersionDate "2021.10.24"]
[SourceQuality "1"]

1. c4 e6 2. Nc3 d5 3. d4 Nf6 4. cxd5 exd5 5. Bg5 Nbd7 6. e3 Be7 7. Bd3 c6 8. Qc2 Nh5 9. Bxe7 Qxe7 10. 0-0-0 Nb6 11. Kb1 g6 12. h3 Ng7 13. g4 Bd7 14. Nf3 0-0-0 15. a4 Qb4 16. Ne5 Rhf8 17. Be2 Kb8 18. Nd3 Qe7 19. Qb3 Nc4 20. Nc5 Bc8 21. Qb4 Ka8 22. Bxc4 dxc4 23. Qxc4 Ne6 24. Nxe6 Bxe6 25. d5 Rxd5 26. Nxd5 Bxd5 27. Rxd5 cxd5 28. Qxd5 f5 29. Rc1 fxg4 30. hxg4 a6 31. Rc4 Rd8 32. Qc5 Qf7 33. Qc7 Qd5 34. e4 Qd2 35. Ka2 h5 36. gxh5 gxh5 37. e5 Qd5 38. Qc5 Qxc5 39. Rxc5 Kb8 40. e6 Re8 41. Rxh5 Rxe6 42. Rf5 a5 43. Kb3 Re4 44. Rxa5 Rf4 1/2-1/2

[Event "RA-2018-0-00608"]
[Site "LSS email"]
[Date "2018.12.02"]
[Round "?"]
[White "Van Hooff, Ruud"]
[Black "Susla, Vitaliy"]
[Result "1/2-1/2"]
[WhiteElo "2282"]
[BlackElo "2319"]
[PlyCount "25"]
[EventDate "2018.11.12"]
[EventType "tourn (corr)"]
[EventRounds "6"]
[EventCountry "GER"]
[SourceTitle "Corr 2022"]
[Source "ChessBase"]
[SourceDate "2021.10.24"]
[SourceVersion "1"]
[SourceVersionDate "2021.10.24"]
[SourceQuality "1"]

1. d4 Nf6 2. Nf3 g6 3. Bg5 Bg7 4. Nbd2 0-0 5. c3 d6 6. e4 h6 7. Bh4 Qe8 8. Be2 e5 9. dxe5 dxe5 10. 0-0 Nbd7 11. Re1 Nc5 12. Bf1 Nh5 13. Nc4 1/2-1/2